| 000 | 00803nam a2200229 a 4500 | ||
|---|---|---|---|
| 005 | 20231101063620.0 | ||
| 008 | 991125s1986 mx 000 0 spa u | ||
| 020 | _a9682909457 | ||
| 035 | _aUPN01000003186 | ||
| 040 |
_aMX-MxUPN _bspa _cMX-MxUPN |
||
| 050 | 4 |
_aPQ7104 _bL57 no.46 |
|
| 100 | 1 | _aMontes de Oca, Marco Antonio | |
| 245 | 1 | 0 |
_aAntología de poemas breves / _cMarco Antonio Montes de Oca. |
| 250 | _aPrimera edición | ||
| 260 |
_aMéxico : _bJoaquín Mortiz : _bSecretaría de Educación Pública, Subsecretaría de Cultura, _c1986. |
||
| 300 | _a237 páginas | ||
| 490 |
_aLecturas mexicanas. Segunda serie ; _v46 |
||
| 500 | _aTítulo de la cubierta: Altanoche : antología de poemas breves 1953-1984 | ||
| 650 | 4 |
_aPoesía mexicana _91273 |
|
| 905 | _aLibro | ||
| 942 |
_2lcc _cLIBRO |
||
| 999 |
_c3186 _d3186 |
||